00446nam a2200181 a 4500001001300000003000900013005001700022008004100039020001000080082001700090100001800107245002200125260003300147300000900180500003500189505000800224650003200232nice12345678IN_TiNIC20260116011520.0050524s1927 lona grp 000 0 eng  ac10000a915.504bCHA aChardin, John aTravels in Persia aLondonbArgonaut Pressc1927 a287p aincludes index and biblioraphy2 aIll aIran-Travel and Description